Kashi : (Record no. 14678)

MARC details
000 -LEADER
fixed length control field 00858nam a22002417a 4500
005 - DATE AND TIME OF LATEST TRANSACTION
control field 20080729153731.0
008 - FIXED-LENGTH DATA ELEMENTS--GENERAL INFORMATION
fixed length control field 080729t xxu||||| |||| 00| 0 eng d
010 ## - LIBRARY OF CONGRESS CONTROL NUMBER
LC control number ENG-90638
020 ## - INTERNATIONAL STANDARD BOOK NUMBER
International Standard Book Number 9788184350296
Terms of availability 150.00
035 ## - SYSTEM CONTROL NUMBER
System control number EN-74171
037 ## - SOURCE OF ACQUISITION
Source of stock number/acquisition DBAD / PUB
040 ## - CATALOGING SOURCE
Original cataloging agency DPL
082 ## - DEWEY DECIMAL CLASSIFICATION NUMBER
Classification number 230.45
100 ## - MAIN ENTRY--PERSONAL NAME
Personal name Charu Sheel Singh
245 ## - TITLE STATEMENT
Title Kashi :
Statement of responsibility, etc by Charu Sheel Singh
Remainder of title (a mandala poem)
260 ## - PUBLICATION, DISTRIBUTION, ETC. (IMPRINT)
Place of publication, distribution, etc New Delhi
Name of publisher, distributor, etc Adhyayan Publishers & Distributors
Date of publication, distribution, etc 2007
300 ## - PHYSICAL DESCRIPTION
Extent xii, 92p.
Dimensions 22 cm.(pbk)
500 ## - GENERAL NOTE
General note Includes bibliographical references and index
650 ## - SUBJECT ADDED ENTRY--TOPICAL TERM
Geographic subdivision Varanasi
-- India
650 ## - SUBJECT ADDED ENTRY--TOPICAL TERM
Topical term or geographic name as entry element Religious devotion
942 ## - ADDED ENTRY ELEMENTS (KOHA)
Source of classification or shelving scheme Dewey Decimal Classification
Koha item type English Books
Classification part 230.45
Call number suffix CHA
Holdings
Withdrawn status Lost status Damaged status Not for loan Collection code Home library Current library Date acquired Source of acquisition Cost, normal purchase price Total Checkouts Full call number Barcode Date last seen Copy number Cost, replacement price Price effective from Koha item type
      Not For Loan Non-fiction D.B.Act.Division D.B.Act.Division 30/07/2008 DBAD / PUB 150.00   230.45 CHA EN-74171 15/09/2008 1 150.00 15/09/2008 English Books

© Delhi Public Library
Hit Counter
free hit counter